000 00469nam a2200181Ia 4500
001 24141
003 IN-NITTTR
005 20251114233310.0
008 251113s9999||||xx |||||||||||||| ||eng||
040 _beng
040 _cIN-NITTTR
041 _aeng
082 _a658.72 D654P
100 _aDobler, Donald W.
245 0 _aPurchasing and supply management :
_b text and cases /
_cDobler, Donald W., Burt, David N.
700 _a Burt, David N.
942 _2ddc
_cBK
999 _c26770
_d26770